000 00529nam a2200181Ia 4500
008 100920s9999 xx 000 0 und d
082 _b95587
_a891.463.1 न 06
100 _aमहाडीक नलिनी.
245 _aवंश.
260 _bमनोकामना प्रकाशन ,इस्लामपूर.
_c2006
300 _a128
_bसाधी
365 _b140
520 _aलघुकथा.
630 _aवंश.
650 _aलघुकथा.
730 _aवंश.
942 _cBOOK
999 _c736029
_d736026